<?xml version="1.0" encoding="UTF-8"?>
<marc:record xmlns:marc="http://www.loc.gov/MARC21/slim">
   <marc:leader>00000nam a2200000 a 4500</marc:leader>
   <marc:datafield ind1="1" ind2=" " tag="100">
      <marc:subfield code="a">Baker, Jo</marc:subfield>
      <marc:subfield code="4">aut</marc:subfield>
      <marc:subfield code="e">Verfasser/-in</marc:subfield>
   </marc:datafield>
   <marc:datafield ind1="0" ind2="0" tag="245">
      <marc:subfield code="a">Ein Ire in Paris</marc:subfield>
   </marc:datafield>
   <marc:datafield ind1="0" ind2="0" tag="245">
      <marc:subfield code="b">Roman</marc:subfield>
   </marc:datafield>
   <marc:datafield ind1="0" ind2="0" tag="245">
      <marc:subfield code="c">Jo Baker</marc:subfield>
   </marc:datafield>
   <marc:datafield ind1=" " ind2="1" tag="264">
      <marc:subfield code="a">München</marc:subfield>
      <marc:subfield code="b">Knaus</marc:subfield>
      <marc:subfield code="c">2018</marc:subfield>
   </marc:datafield>
   <marc:datafield ind1=" " ind2=" " tag="250">
      <marc:subfield code="a">1. Auflage</marc:subfield>
   </marc:datafield>
   <marc:datafield ind1="1" ind2=" " tag="520">
      <marc:subfield code="a">Angaben aus der Verlagsmeldung

Ein Ire in Paris : Roman A Country Road, A Tree / von Jo Baker

Über die Kraft des Schreibens – Samuel Becketts Kriegsjahre

Als der Zweite Weltkrieg ausbricht, hält sich der Schriftsteller in seinem Elternhaus in Irland auf. Die Mutter ist froh, sie möchte den Sohn immer in ihrer Nähe wissen. Trotzdem verlässt der junge Mann seine sichere Heimat und kehrt zum Künstlerkreis um James Joyce und Marcel Duchamp und zu seiner Geliebten nach Paris zurück. Als seine Freunde nach und nach verschwinden, schließt er sich der Résistance an. Jo Baker nähert sich dem rätselhaften Samuel Beckett über die dunklen Jahre seiner künstlerischen Anfänge und zeigt, wie die entbehrungsreichen Kriegsjahre und das endlose Warten auf ein Ende sein Werk prägten, das Jahrzehnte später weltbekannt wurde.

</marc:subfield>
   </marc:datafield>
   <marc:datafield ind1=" " ind2=" " tag="020">
      <marc:subfield code="a">9783813507546</marc:subfield>
      <marc:subfield code="9">9783813507546</marc:subfield>
   </marc:datafield>
   <marc:datafield ind1=" " ind2=" " tag="020">
      <marc:subfield code="a">3813507548</marc:subfield>
      <marc:subfield code="9">3813507548</marc:subfield>
   </marc:datafield>
   <marc:datafield ind1=" " ind2=" " tag="041">
      <marc:subfield code="a">ger</marc:subfield>
   </marc:datafield>
   <marc:datafield ind1=" " ind2=" " tag="300">
      <marc:subfield code="a">347 Seiten</marc:subfield>
   </marc:datafield>
</marc:record>
